00953cam a2200277 a 45000010005000000030006000050050017000110080041000280100017000690200015000860400023001010500016001240820010001401000034001502450083001842500042002672600035003093000048003445050007003925200115003995210027005145210018005416500055005596500034006147000027006486166FISKH20250321115643.0950525s1996 nyua j 000 0 eng  a 95000478  a1880000296 aDLCcDLCdDLCbeng aPC4445 .E49 a468.11 aElya, Susan Middleton,d1955-10aSay hola to Spanish /cby Susan Middleton Elya ; illustrated by Loretta Lopez. aFirst Scholastic printing, April 1998 aNew York :bScholastic,c1996. a32 pages : bcolor illustrations ; c26 cm  aD  aIntroduces Spanish by defining such common words as "hola" ("hello"), "perro" ("dog"), and "madre" ("mother").8 a160 bLexile estimate 8 aD bRaz-Plus  0aSpanish languagexVocabularyxJuvenile literature. 1aSpanish languagexVocabulary.1 aLopez, Loretta,d1963-